[Event "Kavala op 8th"]
[Site "?"]
[Date "1998.08.19"]
[Round "9"]
[White "Graf Alexander"]
[Black "Nikolaidis Ioannis"]
[Result "1/2-1/2"]
[WhiteElo "2625"]
[BlackElo "2530"]
[PlyCount "23"]
[EventDate "1998.??.??"]
[Source "www.chesslib.no"]
[SourceDate "2004.05.04"]

1. d4 Nf6 2. c4 g6 3. Nc3 Bg7 4. e4 d6 5. f3 O-O 6. Be3 e5 7. Nge2 c6 8. Qd2 Nbd7 9. d5 cxd5 10. cxd5 a6 11. Ng3 h5 12. Bd3 1/2-1/2

[Event "Agios Nikolaos Open"]
[Site "Agios Nikolaos GRE"]
[Date "1995.??.??"]
[Round "9"]
[White "Stefansson, Hannes H"]
[Black "Kotronias, Vasilios"]
[Result "0-1"]
[WhiteElo "2530"]
[BlackElo "2570"]
[PlyCount "88"]
[EventDate "1995.??.??"]
[Source "www.chesslib.no"]
[SourceDate "2004.05.04"]

1. d4 Nf6 2. c4 g6 3. Nc3 Bg7 4. e4 d6 5. f3 O-O 6. Be3 e5 7. Nge2 c6 8. d5 cxd5 9. cxd5 Nbd7 10. Qd2 a6 11. g4 h5 12. g5 Nh7 13. Rg1 b5 14. Nc1 Nb6 15. b3 Bd7 16. Nd3 a5 17. Be2 b4 18. Nd1 Rc8 19. N3b2 Be8 20. a3 f6 21. axb4 axb4 22. h4 fxg5 23. hxg5 Nd7 24. Nd3 Rf4 25. Rc1 Rxc1 26. Qxc1 Nxg5 27. Bxf4 exf4 28. Rh1 Ne5 29. Nxe5 Bxe5 30. Nb2 Bd7 31. Nd3 Bc3+ 32. Kd1 Nh3 33. Bf1 Ng5 34. Bg2 Bb5 35. Nxf4 Qb6 36. Bf1 Qd4+ 37. Kc2 Qf2+ 38. Kb1 Nxf3 39. Nh3 Qc5 40. Bxb5 Qxb5 41. Qd1 Nd2+ 42. Kc2 Qc5 43. Qc1 Nxe4 44. Qf1 Ng3 0-1

[Event "Ankara (zt)"]
[Site "?"]
[Date "1995.??.??"]
[Round "?"]
[White "Atalik, S."]
[Black "Kotronias, V."]
[Result "1-0"]
[WhiteElo "2500"]
[BlackElo "2570"]
[PlyCount "109"]
[EventDate "1995.??.??"]
[Source "ChessBase"]
[SourceDate "1995.02.01"]

1. d4 Nf6 2. c4 g6 3. Nc3 Bg7 4. e4 d6 5. f3 O-O 6. Be3 e5 7. Nge2 c6 8. Qd2 Nbd7 9. d5 cxd5 10. cxd5 a6 11. g4 h5 12. g5 Ne8 13. Nc1 f5 14. gxf6 Bxf6 15. Be2 Bh4+ 16. Kd1 b5 17. Nd3 Nb6 18. b3 a5 19. Nxb5 Ba6 20. a4 Bxb5 21. axb5 a4 22. Kc2 Nf6 23. Nb4 axb3+ 24. Kxb3 Nfd7 25. Nc6 Qc7 26. Qc3 Kh7 27. Rxa8 Rxa8 28. Ra1 Rxa1 29. Qxa1 Bf6 30. Qa7 Bd8 31. Qxc7 Bxc7 32. Kb4 Kg7 33. Bf1 Nf6 34. Bg5 Kf7 35. Bh3 Kg7 36. Ne7 Bd8 37. Nc8 Nxc8 38. Bxc8 Bb6 39. Kc4 Ne8 40. Bd7 Nf6 41. Be6 Ne8 42. Kd3 Nc7 43. Bd7 Kf7 44. Bc6 Bc5 45. Kc4 Bb6 46. Bd2 Ke7 47. Bb4 Bg1 48. h3 Ba7 49. Kb3 Bc5 50. Bxc5 dxc5 51. Kc4 Kd6 52. b6 Na6 53. b7 Kc7 54. Kb5 Nb4 55. d6+ 1-0

[Event "Eikrem mem"]
[Site "Gausdal"]
[Date "1996.??.??"]
[Round "5"]
[White "Stefansson, Hannes"]
[Black "Djurhuus, Rune"]
[Result "1-0"]
[WhiteElo "2560"]
[BlackElo "2505"]
[PlyCount "87"]
[EventDate "1996.08.??"]
[Source "ChessBase"]

1. c4 g6 2. d4 Nf6 3. Nc3 Bg7 4. e4 d6 5. f3 O-O 6. Be3 e5 7. Nge2 c6 8. d5 cxd5 9. cxd5 Bd7 10. Qd2 Na6 11. Ng3 Nc5 12. Be2 h5 13. O-O h4 14. Nh1 Nh5 15. b4 Na6 16. Nb5 Nf4 17. Nxd6 Qg5 18. g3 Nxb4 19. Rac1 hxg3 20. hxg3 Bh6 21. Bxf4 exf4 22. g4 a5 23. a3 Na6 24. Nxb7 Rfb8 25. Bxa6 Rxa6 26. Nc5 Ra7 27. Rb1 Rba8 28. Nxd7 Rxd7 29. Rfc1 Bf8 30. Rc3 f5 31. Nf2 Bd6 32. Rb6 Rad8 33. Kf1 Qh4 34. Qd4 Qe7 35. Rcc6 Kf7 36. a4 fxe4 37. Nxe4 Be5 38. Qc4 Rxd5 39. Rb5 Qa3 40. Rxd5 Qxf3+ 41. Ke1 Qh1+ 42. Kd2 Qg2+ 43. Kd1 Qf1+ 44. Qxf1 1-0

[Event "Neckar op 2nd"]
[Site "Deizisau"]
[Date "1998.04.12"]
[Round "8"]
[White "Bischoff, Klaus"]
[Black "Kupreichik, Viktor D"]
[Result "1/2-1/2"]
[WhiteElo "2545"]
[BlackElo "2505"]
[PlyCount "23"]
[EventDate "1998.04.05"]
[Source "www.chesslib.no"]
[SourceDate "2004.05.04"]

1. c4 g6 2. Nc3 Bg7 3. d4 d6 4. e4 Nf6 5. f3 O-O 6. Be3 e5 7. Nge2 c6 8. Qd2 Nbd7 9. d5 cxd5 10. cxd5 a6 11. g3 Ne8 12. Bg2 1/2-1/2

[Event "Linares ESP"]
[Site "Linares ESP"]
[Date "1993.??.??"]
[Round "3"]
[White "Sunye Neto, Jaime"]
[Black "Hernandez, Gilberto"]
[Result "1-0"]
[WhiteElo "2540"]
[BlackElo "2505"]
[PlyCount "122"]
[EventDate "1993.??.??"]
[Source "www.chesslib.no"]
[SourceDate "2004.05.04"]

1. d4 Nf6 2. c4 g6 3. Nc3 Bg7 4. e4 d6 5. f3 O-O 6. Be3 e5 7. Nge2 c6 8. Qd2 Nbd7 9. d5 cxd5 10. cxd5 a6 11. g4 h5 12. h3 Nh7 13. O-O-O h4 14. Rg1 b5 15. Kb1 Nb6 16. Nc1 b4 17. Qf2 Rb8 18. N3e2 Nc4 19. Ba7 Rb7 20. Nb3 Qc7 21. Be3 Nxe3 22. Qxe3 Bf6 23. g5 Bd8 24. f4 Qb6 25. Qf3 a5 26. Nd2 Rc7 27. Rg2 Ba6 28. Nc1 a4 29. Bxa6 Qxa6 30. Nd3 b3 31. a3 exf4 32. Nb4 Qc8 33. Qxf4 Qxh3 34. Rdg1 Bxg5 35. Rxg5 Nxg5 36. Qxg5 Rfc8 37. e5 Rc2 38. e6 Rc1+ 39. Rxc1 Rxc1+ 40. Kxc1 Qh1+ 41. Nf1 Qxf1+ 42. Kd2 Qf2+ 43. Kc3 Qe1+ 44. Kc4 Qe4+ 45. Kb5 fxe6 46. dxe6 Qxe6 47. Qxh4 Qe5+ 48. Kxa4 Qxb2 49. Qc4+ Kg7 50. Qxb3 Qd4 51. Qd3 Qb6 52. Nd5 Qb8 53. Qb5 Qa7+ 54. Kb3 g5 55. Qc4 Kh6 56. a4 Qa5 57. Qd4 Qa6 58. Nb4 Qa8 59. Qxd6+ Kh5 60. Qd5 Qa7 61. a5 Kh4 1-0

[Event "Dresden op"]
[Site "Dresden"]
[Date "1997.??.??"]
[Round "8"]
[White "Bischoff, Klaus"]
[Black "Uhlmann, Wolfgang"]
[Result "1/2-1/2"]
[WhiteElo "2535"]
[BlackElo "2485"]
[PlyCount "85"]
[EventDate "1997.??.??"]
[Source "www.chesslib.no"]
[SourceDate "2004.05.04"]

1. d4 Nf6 2. c4 g6 3. Nc3 Bg7 4. e4 d6 5. f3 O-O 6. Be3 e5 7. Nge2 c6 8. Qd2 Nbd7 9. d5 cxd5 10. cxd5 a6 11. g3 b5 12. Bg2 Nh5 13. O-O f5 14. Bf2 f4 15. Nc1 Nb6 16. b3 Bd7 17. Nd3 a5 18. Rac1 g5 19. Ne2 Nf6 20. Rc2 Nxe4 21. fxe4 f3 22. Be3 fxg2 23. Rxf8+ Qxf8 24. Nf2 Nc8 25. Kxg2 g4 26. Ng1 h5 27. h3 Bf6 28. hxg4 hxg4 29. Qd1 Qg7 30. Rc7 Rb8 31. Rxd7 Qxd7 32. Nxg4 Bg7 33. Nh3 Qf7 34. Ng5 Qg6 35. Qc2 Ne7 36. Qc7 Re8 37. Qd7 b4 38. Nh2 Bh6 39. Nhf3 Bxg5 40. Bxg5 Kf8 41. Kf2 Nxd5 42. exd5 e4 43. Nd4 1/2-1/2

[Event "BLR Ch"]
[Site "Minsk BLR"]
[Date "1993.??.??"]
[Round "?"]
[White "Dydyshko, Viacheslav"]
[Black "Ryskin, Alexander"]
[Result "0-1"]
[WhiteElo "2490"]
[BlackElo "2505"]
[PlyCount "112"]
[EventDate "1993.??.??"]
[Source "www.chesslib.no"]
[SourceDate "2004.05.04"]

1. d4 Nf6 2. c4 g6 3. Nc3 Bg7 4. e4 O-O 5. Be3 d6 6. f3 e5 7. d5 c6 8. Qd2 Na6 9. Nge2 cxd5 10. cxd5 Nh5 11. g4 Nf4 12. Nxf4 exf4 13. Bxf4 h5 14. gxh5 Qh4+ 15. Bg3 Qxh5 16. Bg2 Rd8 17. O-O Nc5 18. Nb5 b6 19. Rfd1 Rd7 20. b4 Bxa1 21. bxc5 Be5 22. f4 Bg7 23. cxd6 Rd8 24. e5 Bg4 25. Re1 Rac8 26. Nc7 Bf8 27. Rc1 Bf3 28. Rc3 Bxg2 29. Kxg2 Qf5 30. Qd3 Bxd6 31. Qxf5 gxf5 32. exd6 Rxd6 33. Nb5 Rxc3 34. Nxc3 b5 35. a3 a5 36. Nxb5 Rxd5 37. a4 Rd2+ 38. Bf2 Rc2 39. Nd6 Ra2 40. Nxf5 Rxa4 41. Ne7+ Kh7 42. Nd5 Rc4 43. f5 a4 44. Nb6 Rb4 45. Nxa4 Rxa4 46. Kf3 Kg7 47. h4 Kf6 48. h5 Kg5 49. Be3+ Kxh5 50. Bd2 Ra2 51. Be3 Ra1 52. Bd4 Rf1+ 53. Ke4 Kg5 54. f6 Rf4+ 55. Ke3 Rxd4 56. Kxd4 Kxf6 0-1

[Event "Koop Tjuchem op"]
[Site "Groningen"]
[Date "1996.??.??"]
[Round "4"]
[White "Atalik, Suat"]
[Black "Poldauf, Dirk"]
[Result "1/2-1/2"]
[WhiteElo "2525"]
[BlackElo "2470"]
[PlyCount "70"]
[EventDate "1996.12.20"]
[Source "www.chesslib.no"]
[SourceDate "2004.05.04"]

1. d4 Nf6 2. c4 g6 3. Nc3 Bg7 4. e4 d6 5. f3 O-O 6. Be3 e5 7. Nge2 c6 8. Qd2 Nbd7 9. d5 cxd5 10. cxd5 a6 11. g3 Ne8 12. Bg2 f5 13. exf5 gxf5 14. f4 Nef6 15. h3 exf4 16. Nxf4 Ne5 17. O-O Nc4 18. Qe2 Nxe3 19. Qxe3 Qa5 20. Ne6 Re8 21. Rae1 Bxe6 22. dxe6 Re7 23. g4 fxg4 24. Rxf6 Bxf6 25. Nd5 Bh4 26. Nxe7+ Bxe7 27. Rf1 Rf8 28. Rxf8+ Kxf8 29. hxg4 Qb4 30. Qf3+ Ke8 31. Qxb7 Qe1+ 32. Bf1 Qxe6 33. Qc6+ Kf8 34. Qf3+ Kg7 35. Bxa6 Qxa2 1/2-1/2

[Event "Sparkasse op"]
[Site "Dortmund"]
[Date "1998.??.??"]
[Round "?"]
[White "Bischoff, Klaus"]
[Black "Poldauf, Dirk"]
[Result "1/2-1/2"]
[WhiteElo "2545"]
[BlackElo "2445"]
[PlyCount "90"]
[EventDate "1998.06.??"]
[Source "www.chesslib.no"]
[SourceDate "2004.05.04"]

1. c4 Nf6 2. Nc3 g6 3. e4 d6 4. d4 Bg7 5. f3 O-O 6. Be3 e5 7. Nge2 c6 8. Qd2 Nbd7 9. d5 cxd5 10. cxd5 a6 11. g3 Ne8 12. Bg2 f5 13. O-O Nef6 14. h3 Nh5 15. Bf2 Rf7 16. a4 Qf8 17. a5 Bh6 18. Qc2 fxe4 19. fxe4 Rxf2 20. Rxf2 Be3 21. Nd1 Bxf2+ 22. Nxf2 Qd8 23. Qc3 Ndf6 24. Qe3 Bd7 25. g4 Ng7 26. Nd1 Qc7 27. Ndc3 Rf8 28. Bf3 Qc4 29. Kg2 Qb4 30. Qd2 Bb5 31. Nb1 Qc5 32. Ng3 Nd7 33. Na3 Ne8 34. g5 Qb4 35. Rd1 Qxd2+ 36. Rxd2 Nc5 37. Nxb5 axb5 38. b4 Nb3 39. Rd3 Nd4 40. Rc3 Nxf3 41. Rxf3 Rxf3 42. Kxf3 Nc7 43. Ne2 Kf7 44. Nc3 Ke7 45. h4 Kf7 1/2-1/2

[Event "Baden-Baden-B"]
[Site "Baden-Baden"]
[Date "1992.??.??"]
[Round "11"]
[White "Bischoff, Klaus"]
[Black "Uhlmann, Wolfgang"]
[Result "1/2-1/2"]
[WhiteElo "2510"]
[BlackElo "2480"]
[PlyCount "41"]
[EventDate "1992.12.??"]
[Source "ChessBase"]

1. c4 Nf6 2. Nc3 g6 3. e4 d6 4. d4 Bg7 5. f3 e5 6. Nge2 O-O 7. Be3 c6 8. Qd2 Nbd7 9. d5 cxd5 10. cxd5 a6 11. Ng3 Ne8 12. Bd3 Nc5 13. Bc2 a5 14. O-O Bd7 15. Bxc5 dxc5 16. Ba4 Nd6 17. Bxd7 Qxd7 18. a4 h5 19. Nh1 Kh7 20. Nf2 Bh6 21. Qe2 1/2-1/2

[Event "Komotini GP"]
[Site "Komotini"]
[Date "1993.??.??"]
[Round "9"]
[White "Graf, Alexander"]
[Black "Arduman, Can"]
[Result "1-0"]
[WhiteElo "2580"]
[BlackElo "2390"]
[PlyCount "69"]
[EventDate "1993.08.??"]
[Source "www.chesslib.no"]
[SourceDate "2004.05.04"]

1. d4 Nf6 2. c4 g6 3. Nc3 Bg7 4. e4 d6 5. f3 O-O 6. Be3 e5 7. d5 c6 8. Nge2 cxd5 9. cxd5 a6 10. a4 Nbd7 11. Qd2 Nc5 12. Ra3 a5 13. Ng3 h5 14. Bb5 h4 15. Nge2 Nh5 16. g4 Nf4 17. Nxf4 exf4 18. Bxf4 Qe7 19. O-O Nd7 20. Bxd7 Bxd7 21. Rb3 Rab8 22. Rb6 Be5 23. Bg5 Bf6 24. Bxf6 Qxf6 25. h3 Rfc8 26. f4 Qe7 27. Qd4 Re8 28. Re1 g5 29. e5 gxf4 30. Qxf4 dxe5 31. Qe3 f6 32. Ne4 Rf8 33. Rf1 f5 34. Qh6 Qh7 35. Qg5+ 1-0

[Event "URS-ch sf"]
[Site "Tbilisi"]
[Date "1973.??.??"]
[Round "2"]
[White "Zilberstein, Valery I"]
[Black "Gufeld, Eduard"]
[Result "0-1"]
[WhiteElo "2470"]
[BlackElo "2500"]
[PlyCount "85"]
[EventDate "1973.??.??"]
[Source "ChessBase"]

1. d4 Nf6 2. c4 g6 3. Nc3 Bg7 4. e4 d6 5. f3 O-O 6. Be3 e5 7. Nge2 c6 8. d5 cxd5 9. cxd5 Ne8 10. Qd2 f5 11. O-O-O Nf6 12. Kb1 fxe4 13. Nxe4 Nxe4 14. fxe4 Nd7 15. Nc3 Nf6 16. Be2 Ng4 17. Bxg4 Bxg4 18. Rc1 Qa5 19. Qd3 Bd7 20. a3 Rac8 21. Ka2 a6 22. b4 Qd8 23. a4 Qh4 24. Bb6 Bf6 25. a5 Bd8 26. Rcf1 Bxb6 27. axb6 Rf2+ 28. Kb3 Rcf8 29. Qc4 Bb5 30. Nxb5 axb5 31. Qd3 Rxf1 32. Rxf1 Rxf1 33. Qxf1 Qxe4 34. Qxb5 Kf8 35. g3 Ke7 36. Kb2 Qd4+ 37. Kb3 e4 38. Kc2 e3 39. Qd3 Qxd3+ 40. Kxd3 Kf6 41. Kxe3 Ke5 42. g4 g5 43. Kd3 0-1

[Event "Uzbekistan"]
[Site "?"]
[Date "1992.??.??"]
[Round "?"]
[White "Nenashev, A."]
[Black "Nadyrhanov, S."]
[Result "1/2-1/2"]
[WhiteElo "2510"]
[BlackElo "2445"]
[PlyCount "66"]
[EventDate "1992.??.??"]
[Source "ChessBase"]
[SourceDate "1992.06.01"]

1. d4 Nf6 2. c4 g6 3. Nc3 Bg7 4. e4 d6 5. f3 O-O 6. Be3 e5 7. d5 c6 8. Nge2 cxd5 9. cxd5 Ne8 10. Ng3 f5 11. exf5 gxf5 12. f4 Qh4 13. Qh5 Qxh5 14. Nxh5 Bh6 15. O-O-O Nd7 16. Re1 a6 17. Rg1 Nef6 18. Nxf6+ Nxf6 19. fxe5 Bxe3+ 20. Rxe3 Ng4 21. Rg3 f4 22. Rxg4+ Bxg4 23. e6 Rac8 24. Kd2 Rc7 25. Bd3 Bf5 26. Re1 Bxd3 27. Kxd3 f3 28. gxf3 Rxf3+ 29. Ke4 Rh3 30. Kf5 Kf8 31. Kg4 Rxh2 32. Ne4 Rg7+ 33. Kf4 Rh4+ 1/2-1/2

[Event "Dieren op"]
[Site "Dieren"]
[Date "2000.07.20"]
[Round "3"]
[White "Murey, Jacob"]
[Black "Solleveld, Maarten"]
[Result "1/2-1/2"]
[WhiteElo "2509"]
[BlackElo "2426"]
[PlyCount "124"]
[EventDate "2000.07.18"]
[Source "ChessBase"]
[SourceDate "2000.09.14"]

1. d4 Nf6 2. c4 g6 3. Nc3 Bg7 4. e4 d6 5. f3 O-O 6. Be3 e5 7. Nge2 c6 8. Qd2 Nbd7 9. d5 cxd5 10. cxd5 a6 11. g4 h5 12. h3 b5 13. Nc1 Nb6 14. b3 Bd7 15. Nd3 a5 16. Rc1 Qb8 17. Nb2 Rc8 18. Bd3 a4 19. Ne2 axb3 20. axb3 Ra2 21. Rxc8+ Nxc8 22. Nc1 Ra1 23. Kf2 Nh7 24. Kg2 Bf6 25. Ne2 Rxh1 26. Kxh1 hxg4 27. fxg4 Bd8 28. Kg2 Bb6 29. Nd1 Ne7 30. g5 f6 31. gxf6 Nxf6 32. Ng3 Bxe3 33. Qxe3 Kg7 34. Qg5 Kf7 35. Nf2 Neg8 36. Be2 Qc8 37. h4 Nh7 38. Qe3 Qc5 39. Qxc5 dxc5 40. Nd3 Kf6 41. Nxc5 Be8 42. b4 Nh6 43. Nf1 Ke7 44. Ne3 Nf6 45. Nd1 Nf7 46. Nc3 Nd6 47. Kf2 Kd8 48. Ke3 Kc7 49. Nd1 Nf7 50. Nf2 Kd6 51. Ne6 Ke7 52. Nd1 Nd6 53. Nc3 Ndxe4 54. Nxb5 Bxb5 55. Bxb5 Nc3 56. Nc7 Ncxd5+ 57. Nxd5+ Nxd5+ 58. Kd3 Nxb4+ 59. Ke4 Kf6 60. Be8 Na6 61. Bxg6 Nc5+ 62. Kd5 Kxg6 1/2-1/2

[Event "Groningen"]
[Site "?"]
[Date "1991.??.??"]
[Round "?"]
[White "Kramnik, Vladimir"]
[Black "Nijboer, F."]
[Result "1/2-1/2"]
[WhiteElo "2480"]
[BlackElo "2455"]
[PlyCount "39"]
[EventDate "1991.??.??"]
[Source "ChessBase"]
[SourceDate "1992.06.01"]

1. d4 Nf6 2. c4 g6 3. Nc3 Bg7 4. e4 d6 5. f3 O-O 6. Be3 a6 7. Qd2 Nbd7 8. Nge2 c6 9. g4 e5 10. d5 cxd5 11. cxd5 h5 12. h3 b5 13. Bg5 Qa5 14. Ng3 Nh7 15. gxh5 Nxg5 16. Qxg5 Bf6 17. Qh6 Bg7 18. Qg5 Bf6 19. Qh6 Bg7 20. Qg5 1/2-1/2

[Event "Kavala"]
[Site "?"]
[Date "2006.07.09"]
[Round "7"]
[White "Kotanjian Tigran"]
[Black "Vijayalakshmi Subbaraman"]
[Result "1-0"]
[WhiteElo "2515"]
[BlackElo "2417"]
[PlyCount "161"]
[EventDate "2006.??.??"]
[Source "www.chesslib.no"]
[SourceDate "2004.05.04"]

1. d4 d6 2. e4 Nf6 3. f3 g6 4. c4 Bg7 5. Nc3 Nbd7 6. Be3 e5 7. Nge2 c6 8. d5 cxd5 9. cxd5 O-O 10. g4 a5 11. Ng3 Nc5 12. Bb5 Ne8 13. Qe2 Nc7 14. Bc4 Bd7 15. a4 Rc8 16. b3 Na8 17. Rb1 Nb6 18. Bb5 Na8 19. h4 Nc7 20. Bc4 N7a6 21. h5 Nb4 22. Kf2 Ncd3+ 23. Kg1 Nf4 24. Qd2 Bf6 25. Nge2 g5 26. Ng3 Be7 27. Kh2 f6 28. Rbc1 Rf7 29. Rhd1 Bf8 30. Na2 Nxa2 31. Qxa2 b6 32. Qf2 Rc5 33. Bxc5 bxc5 34. Nf1 Be8 35. Ne3 Rb7 36. Qd2 Rb4 37. Kg3 Qc7 38. Nc2 Rb8 39. Na3 Rb4 40. Qe3 Rb8 41. Bb5 Bf7 42. Rd2 Be7 43. Nc4 Bd8 44. Qc3 Kf8 45. Rdc2 Ke7 46. Nxd6 Qxd6 47. Qxc5 Qxc5 48. Rxc5 Rxb5 49. axb5 Ne2+ 50. Kg2 Nxc1 51. Rxc1 Be8 52. Rc8 Bxb5 53. Rb8 Bd7 54. h6 Ke8 55. Ra8 Ke7 56. Kf1 Bb5+ 57. Ke1 Kd7 58. Kd2 Ke8 59. Ra7 Bd7 60. Rb7 Be7 61. Kd3 Bb4 62. Rb8+ Kf7 63. Kc4 Be8 64. Ra8 Ke7 65. Rb8 Bd6 66. Rb6 Bd7 67. Rb7 Ba3 68. Ra7 Bb4 69. Ra6 Be8 70. d6+ Bxd6 71. Rxa5 Bf7+ 72. Kc3 Kd7 73. Ra7+ Bc7 74. b4 Kc6 75. Ra8 f5 76. gxf5 Kd7 77. Rh8 Ke7 78. Rxh7 Bb6 79. Rh8 Kf6 80. Ra8 Bd4+ 81. Kd3 1-0

[Event "URS Ch sf"]
[Site "Riga LAT"]
[Date "1988.??.??"]
[Round "?"]
[White "Graf, Alexander"]
[Black "Chekhov, Valery A"]
[Result "1/2-1/2"]
[WhiteElo "2445"]
[BlackElo "2455"]
[PlyCount "38"]
[EventDate "1988.??.??"]
[Source "www.chesslib.no"]
[SourceDate "2004.05.04"]

1. c4 Nf6 2. Nc3 g6 3. e4 d6 4. d4 Bg7 5. f3 O-O 6. Be3 e5 7. d5 c6 8. Qd2 cxd5 9. cxd5 Na6 10. Nge2 Bd7 11. g4 h5 12. h3 Nh7 13. Rg1 h4 14. Nc1 Nc5 15. a4 a5 16. Bxc5 dxc5 17. Bc4 Qg5 18. Qf2 b6 19. Nd3 Rfe8 1/2-1/2

[Event "RUS-Cup8"]
[Site "Smolensk"]
[Date "1997.??.??"]
[Round "7"]
[White "Alavkin, Arseny"]
[Black "Zakharevich, Igor"]
[Result "0-1"]
[WhiteElo "2375"]
[BlackElo "2505"]
[PlyCount "64"]
[EventDate "1997.06.13"]
[Source "ChessBase"]
[SourceDate "1997.07.29"]

1. e4 d6 2. d4 Nf6 3. f3 c6 4. c4 g6 5. Be3 Bg7 6. Qd2 Nbd7 7. Nc3 e5 8. d5 cxd5 9. cxd5 a6 10. Nge2 O-O 11. g4 h5 12. h3 b5 13. Bh6 Nh7 14. Be3 Qh4+ 15. Bf2 Qf6 16. Bg2 Ng5 17. Qe3 h4 18. O-O b4 19. Na4 a5 20. Kh1 Bh6 21. Bxh4 Ba6 22. Bg3 Qh8 23. Qf2 Rac8 24. h4 Rc2 25. Rfe1 Bb5 26. b3 Nh7 27. g5 Nxg5 28. hxg5 Bxg5+ 29. Bh2 Bh4 30. Qa7 Bxe2 31. Rac1 Bg3 32. Qg1 Rfc8 0-1

[Event "Anibal Open"]
[Site "?"]
[Date "1998.??.??"]
[Round "3"]
[White "Estremera Panos Sergio"]
[Black "Anagnostopoulos Dimitri"]
[Result "1/2-1/2"]
[WhiteElo "2400"]
[BlackElo "2475"]
[PlyCount "60"]
[EventDate "1998.??.??"]
[Source "www.chesslib.no"]
[SourceDate "2004.05.04"]

1. d4 Nf6 2. c4 g6 3. Nc3 Bg7 4. e4 d6 5. f3 O-O 6. Be3 e5 7. Nge2 c6 8. Qd2 Nbd7 9. d5 cxd5 10. cxd5 a6 11. g4 h5 12. g5 Nh7 13. Rg1 b5 14. Nc1 Nb6 15. b3 Bd7 16. Nd3 Nc8 17. Nb4 Ne7 18. O-O-O Qb8 19. Kb2 Rc8 20. Be2 Nf8 21. Ka1 Be8 22. Bb6 Qb7 23. Qe1 Nd7 24. Bc5 Nf8 25. Qf2 Rc7 26. Bb6 f5 27. Bd3 Nc8 28. Bc5 Qb6 29. Bxb5 Na7 30. Ba4 Rd8 1/2-1/2

[Event "Martinez Acosta mem-A corr"]
[Site "?"]
[Date "1995.??.??"]
[Round "?"]
[White "Acedo, Hector Oscar"]
[Black "Hegoburu, Pedro Federico"]
[Result "0-1"]
[WhiteElo "2365"]
[BlackElo "2510"]
[PlyCount "62"]
[EventDate "1995.??.??"]
[Source "www.chesslib.no"]
[SourceDate "2004.05.04"]

1. d4 Nf6 2. c4 g6 3. Nc3 Bg7 4. e4 d6 5. f3 O-O 6. Be3 e5 7. Nge2 c6 8. Qd2 Nbd7 9. d5 cxd5 10. cxd5 a6 11. g4 h5 12. g5 Ne8 13. Rg1 b5 14. a3 Nb6 15. b3 Bd7 16. Nc1 Rc8 17. N1a2 Qc7 18. Rc1 Qb7 19. Qf2 Na8 20. Nb4 a5 21. Nc6 Bxc6 22. dxc6 Rxc6 23. Nxb5 Rxc1+ 24. Bxc1 Nac7 25. Qa7 Qc6 26. Be3 Nxb5 27. Qxa5 Nd4 28. Bxd4 Qc1+ 29. Kf2 exd4 30. Bc4 Qc2+ 31. Kf1 d3 0-1

[Event "4. EU ch.final"]
[Site "IV EU ch.final"]
[Date "1995.??.??"]
[Round "?"]
[White "Taksrud/NOR"]
[Black "Peluso/ITA"]
[Result "0-1"]
[WhiteElo "2330"]
[BlackElo "2545"]
[PlyCount "64"]
[EventDate "1995.??.??"]
[Source "www.chesslib.no"]
[SourceDate "2004.05.04"]

1. d4 Nf6 2. c4 g6 3. Nc3 Bg7 4. e4 d6 5. f3 O-O 6. Be3 e5 7. Nge2 c6 8. Qd2 Nbd7 9. d5 cxd5 10. cxd5 a6 11. O-O-O b5 12. Kb1 Nb6 13. Ng3 b4 14. Bxb6 Qxb6 15. Na4 Qb7 16. Qe3 Rb8 17. Bc4 Bd7 18. b3 Bxa4 19. bxa4 Nd7 20. Qe2 Nc5 21. Bb3 Qd7 22. Rde1 Nxa4 23. Qxa6 Nc3+ 24. Kb2 Ra8 25. Qd3 Qa7 26. a4 Qf2+ 27. Ne2 Nxa4+ 28. Bxa4 Rxa4 29. Ref1 Qxg2 30. Rfg1 Qf2 31. Rf1 Qb6 32. Nc1 Rc8 0-1

[Event "Linares Anibal op 5th"]
[Site "Linares"]
[Date "1998.01.22"]
[Round "3"]
[White "Estremera Panos, Sergio"]
[Black "Anagnostopoulos, Dimitri"]
[Result "1/2-1/2"]
[WhiteElo "2400"]
[BlackElo "2475"]
[PlyCount "60"]
[EventDate "1998.01.20"]
[Source "ChessBase"]
[SourceDate "1998.03.09"]

1. d4 Nf6 2. c4 g6 3. Nc3 Bg7 4. e4 d6 5. f3 O-O 6. Be3 e5 7. Nge2 c6 8. Qd2 Nbd7 9. d5 cxd5 10. cxd5 a6 11. g4 h5 12. g5 Nh7 13. Rg1 b5 14. Nc1 Nb6 15. b3 Bd7 16. Nd3 Nc8 17. Nb4 Ne7 18. O-O-O Qb8 19. Kb2 Rc8 20. Be2 Nf8 21. Rc1 Be8 22. Rgd1 Qb7 23. Bf1 Nd7 24. Nc6 Nxc6 25. dxc6 Rxc6 26. Nd5 Nc5 27. Nb4 Rb6 28. Nd5 Rc6 29. Nb4 Rb6 30. Nd5 Rc6 1/2-1/2

[Event "IND-ch"]
[Site "IND"]
[Date "1994.??.??"]
[Round "2"]
[White "Prakash, G B."]
[Black "Thipsay, Praveen Mahadeo"]
[Result "1/2-1/2"]
[WhiteElo "2385"]
[BlackElo "2475"]
[PlyCount "31"]
[EventDate "1994.??.??"]
[Source "ChessBase"]

1. d4 Nf6 2. c4 g6 3. Nc3 Bg7 4. e4 d6 5. f3 O-O 6. Be3 e5 7. Nge2 c6 8. Qd2 Nbd7 9. d5 cxd5 10. cxd5 a6 11. g4 b5 12. Ng3 Nc5 13. b4 Na4 14. Nxa4 bxa4 15. b5 axb5 16. Bxb5 1/2-1/2

[Event "Open, Olomouc CZE"]
[Site "?"]
[Date "2001.??.??"]
[Round "7"]
[White "Shushpanov, V."]
[Black "Biolek, R."]
[Result "1/2-1/2"]
[WhiteElo "2425"]
[BlackElo "2430"]
[PlyCount "26"]
[EventDate "2001.??.??"]
[Source "www.chesslib.no"]
[SourceDate "2004.05.04"]

1. d4 Nf6 2. c4 g6 3. Nc3 Bg7 4. e4 d6 5. f3 O-O 6. Be3 e5 7. Nge2 Nbd7 8. Qd2 c6 9. d5 cxd5 10. cxd5 a5 11. Nc1 Nh5 12. Nd3 f5 13. O-O-O Nhf6 1/2-1/2

[Event "South California Ch"]
[Site "USA"]
[Date "1995.??.??"]
[Round "4"]
[White "Jones, Stephen L"]
[Black "Peters, John A"]
[Result "0-1"]
[WhiteElo "2375"]
[BlackElo "2475"]
[PlyCount "62"]
[EventDate "1995.??.??"]
[Source "www.chesslib.no"]
[SourceDate "2004.05.04"]

1. d4 Nf6 2. c4 g6 3. Nc3 Bg7 4. e4 d6 5. f3 O-O 6. Nge2 c6 7. Be3 e5 8. d5 cxd5 9. cxd5 Nbd7 10. Nc1 Nh5 11. g4 Nf4 12. Nd3 f5 13. gxf5 gxf5 14. Qd2 fxe4 15. fxe4 Nf6 16. h3 N6h5 17. O-O-O Bd7 18. Nxf4 Nxf4 19. Rg1 Be8 20. Bd3 Bg6 21. Qh2 Qc8 22. Bc2 Nxh3 23. Rg3 Nf4 24. Kb1 Rf6 25. Rdg1 Qc4 26. Ba4 Raf8 27. Bb5 Qc7 28. Rg4 a6 29. Bf1 Nxd5 30. Be2 Nxe3 31. R4g3 Nf1 0-1

[Event "CRO Team Ch"]
[Site "Tucepi"]
[Date "1996.??.??"]
[Round "?"]
[White "Zaja, Ivan"]
[Black "Sale, Srdjan"]
[Result "1-0"]
[WhiteElo "2405"]
[BlackElo "2440"]
[PlyCount "113"]
[EventDate "1996.??.??"]
[Source "www.chesslib.no"]
[SourceDate "2004.05.04"]

1. d4 d6 2. e4 Nf6 3. f3 g6 4. c4 Bg7 5. Nc3 O-O 6. Be3 e5 7. Nge2 Nbd7 8. Qd2 c6 9. d5 cxd5 10. cxd5 a6 11. g4 h5 12. g5 Nh7 13. Rg1 f6 14. gxf6 Rxf6 15. O-O-O Ndf8 16. f4 exf4 17. Nxf4 Qe7 18. Bd3 Qf7 19. Bc2 Bg4 20. Rde1 Re8 21. h3 Bd7 22. h4 Kh8 23. Nce2 Bg4 24. Nd4 Bh6 25. Nde6 Nd7 26. e5 Nxe5 27. Nxg6+ Rxg6 28. Bxh6 Rc8 29. Rgf1 Nf3 30. Nd4 Rf6 31. Nxf3 Bxf3 32. Kb1 Bxd5 33. Rxf6 Nxf6 34. b3 Ng4 35. Qd4+ Kg8 36. Bg5 Be6 37. Qf4 Ne5 38. Bf6 Rxc2 39. Qg5+ Kf8 40. Qh6+ Ke8 41. Qh8+ Kd7 42. Qd8+ Kc6 43. Bxe5 Bd7 44. Rd1 dxe5 45. Kxc2 e4 46. Kb1 e3 47. Rc1+ Kd5 48. Qa5+ Bb5 49. a4 Qf5+ 50. Kb2 Qf6+ 51. Qc3 Qf2+ 52. Ka3 Bc6 53. Qc5+ Ke4 54. Rc4+ Kf3 55. Qxh5+ Kg2 56. Qg5+ Kf3 57. Qg4# 1-0